000 00727nam a22002177a 4500
005 20251108170555.0
008 250721s1991 xx 000 0 ara d
082 1 4 _aط/922.175/زين
100 1 _aالزين، سميح عاطف
245 1 0 _aالإمام أحمد بن حنبل /
264 1 _aبيروت :
_bدار الكتب الحديثة،
_c1991.
300 _a2.ج.
490 0 _aسيرة أئمة المسلمين للبنات و البنين
650 1 7 _aالتراجم
650 1 7 _aأدب الأطفال
650 1 7 _aالفقهاء المسلمون
650 1 7 _aالمذاهب الدينية
653 _aأطفال مرحلة متوسطة ( 6- 9 سنوات )
942 _2ddc
_cBK
999 _c43861
_d43861